Catálogo de la Biblioteca Horacio González - Universidad Nacional de General Sarmiento

La mujer sin cabeza (Registro nro. 54928)

Detalles MARC
000 -CABECERA
campo de control de longitud fija 01449ngm a22002770a 4500
001 - NÚMERO DE CONTROL
campo de control PT35957
003 - IDENTIFICADOR DEL NÚMERO DE CONTROL
campo de control AR-LpoUNG
005 - FECHA Y HORA DE LA ÚLTIMA TRANSACCIÓN
campo de control 20210202000459.0
007 - CAMPO FIJO DE DESCRIPCIÓN FÍSICA--INFORMACIÓN GENERAL
campo de control de longitud fija vd cvaizq
008 - DATOS DE LONGITUD FIJA--INFORMACIÓN GENERAL
campo de control de longitud fija 191001suuuu||||ag |||||||||||||||||spa d
040 ## - FUENTE DE LA CATALOGACIÓN
Centro catalogador/agencia de origen AR-LpoUNG
Lengua de catalogación spa
Centro/agencia transcriptor AR-LpoUNG
Normas de descripción aacr
041 ## - CÓDIGO DE LENGUA
Código de lengua del texto/banda sonora o título independiente spa
044 ## - CÓDIGO DEL PAÍS DE LA ENTIDAD EDITORA/PRODUCTORA
Código MARC del país ag
082 0# - NÚMERO DE LA CLASIFICACIÓN DECIMAL DEWEY
Número de clasificación 305.4 376muj
100 1# - ENTRADA PRINCIPAL--NOMBRE DE PERSONA
Nombre de persona Martel, Lucrecia
Término indicativo de función/relación dir.
245 13 - MENCIÓN DE TÍTULO
Título La mujer sin cabeza
260 ## - PUBLICACIÓN, DISTRIBUCIÓN, ETC.
Lugar de publicación, distribución, etc. Buenos Aires :
Nombre del editor, distribuidor, etc. AVH,
Fecha de publicación, distribución, etc. s.f.
300 ## - DESCRIPCIÓN FÍSICA
Extensión DVD (89 min.) : son., col.
505 0# - NOTA DE CONTENIDO CON FORMATO
Nota de contenido con formato Diálogo en español, subtítulos en inglés, portugués y francés. - Créditos: Fotografría, Bárbara Alvarez; montaje, Miguel Schverdfinge. - Elenco: María Onetto, Claudia Cantero, Inés Efron, Daniel Genoud, Guillermo Arengo, César Bordón, María Vaner.
520 ## - SUMARIO, ETC.
Sumario, etc. Una mujer maneja por la ruta. En una distracción atropella algo. Los días siguientes a este incidente, ella no reconoce los sentimientos que la unen a las cosas y a las personas. Sólo se deja llevar por la vida social. Una noche ella dice a su marido que ha matado a alguien en la ruta. Recorren la ruta pero sólo hay un perro muerto, y amigos allegados a la policía confirman que no hay información de un accidente. Todo vuelve a la calma y el mal momento parece superado, hasta que la noticia de un macabro hallazgo preocupa nuevamente a todos.
653 ## - TÉRMINO DE INDIZACIÓN--NO CONTROLADO
Término no controlado CINE ARGENTINO
653 ## - TÉRMINO DE INDIZACIÓN--NO CONTROLADO
Término no controlado SUSPENSO
653 ## - TÉRMINO DE INDIZACIÓN--NO CONTROLADO
Término no controlado VIDEOS
905 ## - ELEMENTOS DE DATOS E LOCAL, LDE (RLIN)
a 35957
942 ## - ELEMENTOS DE PUNTO DE ACCESO ADICIONAL (KOHA)
Tipo de ítem Koha DVD
Existencias
Estado de retiro Estado de pérdida Estado dañado No para préstamo Código de colección Localización permanente Ubicación/localización actual Fecha de adquisición Total de préstamos Signatura topográfica completa Código de barras Fecha visto por última vez Precio válido a partir de Tipo de ítem Koha
        Colección Cine Biblioteca Universidad Nacional de General Sarmiento Biblioteca Universidad Nacional de General Sarmiento 02/02/2021   305.4 376muj 00043234 02/02/2021 02/02/2021 DVD
        Colección Cine Biblioteca Universidad Nacional de General Sarmiento Biblioteca Universidad Nacional de General Sarmiento 02/02/2021   305.4 376muj 00043910 02/02/2021 02/02/2021 DVD